Sports Quiz

Random Sports Quiz
Score 0/33 Timer 06:00
0 Plays Today
Ranking Driver % Correct
1A.J. Foyt
98.6%
3Al Unser, Sr.
97.2%
7Mario Andretti
97.2%
11Al Unser, Jr.
97.2%
2Rick Mears
96.6%
4Bobby Unser
95.2%
23Michael Andretti
94.5%
5Helio Castroneves
93.1%
19Dario Franchitti
87.6%
6Johnny Rutherford
84.1%
10Emerson Fittipaldi
84.1%
31Juan Pablo Montoya
84.1%
15Gordon Johncock
82.1%
21Bobby Rahal
82.1%
16Arie Luyendyk
81.4%
33Scott Dixon
80.7%
14Parnelli Jones
76.6%
Ranking Driver % Correct
27Danny Sullivan
76.6%
18Jim Clark
75.2%
9Bill Vukovich
71%
28Graham Hill
69.7%
17Rodger Ward
67.6%
22Mark Donohue
67.6%
20Tom Sneva
66.2%
25Ray Harroun
65.5%
13Mauri Rose
63.4%
8Wilbur Shaw
55.9%
12Louis Meyer
55.9%
30Jim Rathmann
52.4%
24Ralph DePalma
45.5%
26Tommy Milton
38.6%
29Dan Gurney
38.6%
32Tony Bettenhausen, Sr.
35.9%
Remove Ads.
Support Sporcle.
Get the best of Sporcle when you Go Orange. This ad-free experience offers more features, more stats, and more fun while also helping to support Sporcle. Thank you for becoming a member.

You're not logged in!

Compare scores with friends on all Sporcle quizzes.
OR
Log In

Show Comments

Extras

Top Quizzes Today


Score Distribution

Your Account Isn't Verified!

In order to create a playlist on Sporcle, you need to verify the email address you used during registration. Go to your Sporcle Settings to finish the process.

Report this User

Report this user for behavior that violates our Community Guidelines.

Details: